Online
Catalog

Rugidos sociales / (Record no. 50478)

MARC details
000 -CABECERA
campo de control de longitud fija 01261nam a22003017a 4500
003 - IDENTIFICADOR DEL NÚMERO DE CONTROL
campo de control DO-SdBNP
005 - FECHA Y HORA DE LA ÚLTIMA TRANSACCIÓN
campo de control 20260313112256.0
007 - CAMPO FIJO DE DESCRIPCIÓN FÍSICA--INFORMACIÓN GENERAL
campo de control de longitud fija ta
008 - DATOS DE LONGITUD FIJA--INFORMACIÓN GENERAL
campo de control de longitud fija 210913e201? ||||| |||| 001 0aspa
020 ## - NÚMERO INTERNACIONAL ESTÁNDAR DEL LIBRO
Número Internacional Estándar del Libro 9789945915617
040 ## - FUENTE DE LA CATALOGACIÓN
Centro catalogador/agencia de origen DO-SdBNP
Lengua de catalogación spa
Centro/agencia transcriptor BNPHU
082 4# - NÚMERO DE LA CLASIFICACIÓN DECIMAL DEWEY
Número de edición 22
Número de clasificación 861.5
Número de documento/Ítem OZ99r
100 1# - ENTRADA PRINCIPAL--NOMBRE DE PERSONA
Nombre de persona Ozuna, Margarita
Fechas asociadas al nombre 1960 -
9 (RLIN) 79843
245 1# - MENCIÓN DE TÍTULO
Título Rugidos sociales /
Mención de responsabilidad, etc. Margarita Ozuna.
260 ## - PUBLICACIÓN, DISTRIBUCIÓN, ETC.
Lugar de publicación, distribución, etc. Santo Domingo :
Nombre del editor, distribuidor, etc. EGE,
Fecha de publicación, distribución, etc. [2018].
300 ## - DESCRIPCIÓN FÍSICA
Extensión 63 p. :
Dimensiones 22 cm.
500 ## - NOTA GENERAL
Nota general Incluye índice de contenido.
505 ## - NOTA DE CONTENIDO CON FORMATO
Nota de contenido con formato Introducción.
505 ## - NOTA DE CONTENIDO CON FORMATO
Nota de contenido con formato Prólogo.
Título Mi ciudad--
-- ¡Detente¡ --
-- Elegía a Pedro Mir --
-- Mi San Pedro --
-- Abatidos --
-- Libertad --
-- Avanzar --
-- El deber --
-- El esfuerzo --
-- Llanto de mi tierra --
-- Siembra --
-- La doncella olvidada --
-- Madre fuente de Inspiración --
-- Gracias Madre --
-- Perdido en el espacio --
-- El vacío --
-- La pasión --
-- Una flor con espinas --
-- Actitud --
-- La boda --
-- La Juventud --
-- Himno del Liceo Don Pedro Mir --
590 ## - NOTA LOCAL (RLIN)
Nota local Inventariado, 2021 / SA
650 40 - PUNTO DE ACCESO ADICIONAL DE MATERIA--TÉRMINO DE MATERIA
Término de materia o nombre geográfico como elemento de entrada Poesía
9 (RLIN) 4503
650 4# - PUNTO DE ACCESO ADICIONAL DE MATERIA--TÉRMINO DE MATERIA
Término de materia o nombre geográfico como elemento de entrada Poesía española
9 (RLIN) 79844
650 4# - PUNTO DE ACCESO ADICIONAL DE MATERIA--TÉRMINO DE MATERIA
Término de materia o nombre geográfico como elemento de entrada Literatura española
9 (RLIN) 632
650 40 - PUNTO DE ACCESO ADICIONAL DE MATERIA--TÉRMINO DE MATERIA
Término de materia o nombre geográfico como elemento de entrada Literatura dominicana.
9 (RLIN) 67
650 4# - PUNTO DE ACCESO ADICIONAL DE MATERIA--TÉRMINO DE MATERIA
Término de materia o nombre geográfico como elemento de entrada Poesía moderna
Subdivisión de forma contemporánea
9 (RLIN) 79845
910 ## - DATOS DE OPCIÓN DEL USUARIO (OCLC)
Datos de opción del usuario Saquino
942 ## - ELEMENTOS DE PUNTO DE ACCESO ADICIONAL (KOHA)
Fuente del sistema de clasificación o colocación Dewey Decimal Classification
Tipo de ítem Koha Libro
Holdings
Estado de retiro Estado de pérdida Fuente del sistema de clasificación o colocación Restricciones de uso No para préstamo Código de colección Localización permanente Ubicación/localización actual Ubicación en estantería Fecha de adquisición Fuente de adquisición Total de préstamos Signatura topográfica completa Código de barras Fecha visto por última vez Precio válido a partir de Tipo de ítem Koha Nota pública Número de copia
    Dewey Decimal Classification   Préstamo en sala Monografías: Libros y Folletos Biblioteca Nacional Pedro Henríquez Ureña Dominicana En catalogación 20.03.2019 Deposito Legal   BNPHU DS 861.5 OZ99r [2018 ] 2021-26403 13.09.2021 13.09.2021 Libro S/A e.3
    Dewey Decimal Classification Excluido de préstamo   Monografías: Libros y Folletos Biblioteca Nacional Pedro Henríquez Ureña Patrimonio Dominicano En catalogación 03.09.2019 Deposito Legal   BNPHU PD 861.5 OZ99r [2018] 2021-26401 13.09.2021 13.09.2021 Libro S/A  
    Dewey Decimal Classification Excluido de préstamo   Monografías: Libros y Folletos Biblioteca Nacional Pedro Henríquez Ureña Patrimonio Dominicano En catalogación 20.03.2019 Deposito Legal   BNPHU PD 861.5 OZ99r [2018] 2021-26402 13.09.2021 13.09.2021 Libro S/A e.2

Powered by Koha